Regional planning guidance for the North West (Record no. 102733)

MARC details
000 -LEADER
fixed length control field 01331cam a2200349 4500
008 - FIXED-LENGTH DATA ELEMENTS--GENERAL INFORMATION
fixed length control field #DATE n2003 000 0 eng u
020 ## - INTERNATIONAL STANDARD BOOK NUMBER
International Standard Book Number 0117536482
035 ## - SYSTEM CONTROL NUMBER
System control number (Sirsi) u121775
041 ## - LANGUAGE CODE
Language code of text/sound track or separate title eng
050 ## - LIBRARY OF CONGRESS CALL NUMBER
Classification number 711.309427
-- 18
110 ## - MAIN ENTRY--CORPORATE NAME
Corporate name or jurisdiction name as entry element Government Office for the North West
9 (RLIN) 2407
240 ## - UNIFORM TITLE
Uniform title RPG13
245 ## - TITLE STATEMENT
Title Regional planning guidance for the North West
260 ## - PUBLICATION, DISTRIBUTION, ETC.
Place of publication, distribution, etc. London
Name of publisher, distributor, etc. Stationery Office
Date of publication, distribution, etc. 2003
300 ## - PHYSICAL DESCRIPTION
Extent 202p.
Dimensions 30cm.
350 ## - PRICE (NR) (BK AM CF MU VM SE) [OBSOLETE]
Price 24
490 ## - SERIES STATEMENT
Series statement RPG
Volume/sequential designation 13
520 ## - SUMMARY, ETC.
Summary, etc. Provides the regional spatial framework for Cheshire, Cumbria, Lancashire, Greater Manchester and Merseyside (including all their constituent unitary and district planning authorities, together with the Lake District National Park authority). View RPG13 at www.go-nw.gov.uk.
520 ## - SUMMARY, ETC.
Summary, etc. Supersedes 1996 edition (ISBN 0117532673).
650 ## - SUBJECT ADDED ENTRY--TOPICAL TERM
Topical term or geographic name entry element CHESHIRE
650 ## - SUBJECT ADDED ENTRY--TOPICAL TERM
Topical term or geographic name entry element CUMBRIA
650 ## - SUBJECT ADDED ENTRY--TOPICAL TERM
Topical term or geographic name entry element GREATER MANCHESTER
650 ## - SUBJECT ADDED ENTRY--TOPICAL TERM
Topical term or geographic name entry element LANCASHIRE
650 ## - SUBJECT ADDED ENTRY--TOPICAL TERM
Topical term or geographic name entry element MERSEYSIDE
650 ## - SUBJECT ADDED ENTRY--TOPICAL TERM
Topical term or geographic name entry element NORTHWEST ENGLAND
650 ## - SUBJECT ADDED ENTRY--TOPICAL TERM
Topical term or geographic name entry element REGIONAL PLANNING GUIDANCE
650 ## - SUBJECT ADDED ENTRY--TOPICAL TERM
Topical term or geographic name entry element RPG13
690 ## - LOCAL SUBJECT ADDED ENTRY--TOPICAL TERM (OCLC, RLIN)
Topical term or geographic name as entry element Planning and development
9 (RLIN) 6259
710 ## - ADDED ENTRY--CORPORATE NAME
Corporate name or jurisdiction name as entry element United Kingdom
Subordinate unit Office of the Deputy Prime Minister
856 ## - ELECTRONIC LOCATION AND ACCESS
Uniform Resource Identifier <a href="https://www.go-nw.gov.uk/planning/rpg13.html">https://www.go-nw.gov.uk/planning/rpg13.html</a>
Public note View RPG13 on the Government Office for the North West website...
942 ## - ADDED ENTRY ELEMENTS (KOHA)
Suppress in OPAC 0
Holdings
Withdrawn status Lost status Source of classification or shelving scheme Damaged status Not for loan Home library Current library Shelving location Date acquired Cost, normal purchase price Total Checkouts Full call number Barcode Date last seen Copy number Cost, replacement price Price effective from Koha item type
    Dewey Decimal Classification     London London Enquiry desk 03/09/2003 20.40   BOXED SET 30067688 06/08/2019 1 20.40 06/08/2019 Book
    Dewey Decimal Classification     Virtual Virtual Online 04/09/2003     ONLINE PUBLICATION 121775-2001 06/08/2019 1   06/08/2019 Book